Największe miasta na Alasce - Statystyki

Ogólne statystyki
  • Ten quiz został rozwiązany 24 razy
  • Średni wynik to 4 z 23
Odpowiedzi na mapie
Odpowiedzi zakodowano w zielono-czerwonej skali na mapie do tego quizu, zgodnie z poniższymi procentami.
 
Statystyki odpowiedzi
Populacja Miasto % Poprawnych
291 538 Anchorage
83%
32 113 Juneau
56%
31 516 Fairbanks
50%
4 488 Barrow
22%
7 778 Kenai
17%
3 866 Nome
17%
8 647 Sitka
17%
10 529 Wasilla
17%
5 810 Homer
11%
8 289 Ketchikan
11%
5 968 Kodiak
11%
2 113 North Pole
11%
7 306 Palmer
11%
4 497 Unalaska
11%
3 834 Valdez
11%
6 493 Bethel
6%
2 160 Cordova
6%
2 396 Dillingham
6%
2 390 Houston
6%
3 266 Kotzebue
6%
2 729 Seward
6%
4 689 Soldotna
6%
2 503 Wrangell
6%
Nie znaleziono quizów pasujących do podanych kryteriów
Rozkład punktacji
Procent ludzi z każdym wynikiem
Percentyl według liczby udzielonych odpowiedzi
Twoja historia wyników
Nie rozwiązałeś tego quizu